Statistics for They Shoot Pictures, Don't They? - films 621 to 640

Click here to take the quiz!

General Stats

  • This quiz has been taken 15 times
  • The average score is 7 of 20

Answer Stats

Answer% Correct
The Dark Knight
100%
Amélie
92%
Tootsie
62%
Three Women
46%
Don't Look Back
38%
Walkabout
38%
Alphaville
31%
Band of Outsiders
31%
Hour of the Wolf
31%
Pat Garrett and Billy the Kid
31%
The Ladies Man
31%
Harakiri
23%
Portrait of Jason
23%
Synecdoche, New York
23%
The Asphalt Jungle
23%
The Virgin Spring
23%
Dr. Mabuse, the Gambler
15%
Shadows
15%
The Golden Coach
15%
Xala
15%

Score Distribution

Percentile by Number Answered

Percent of People with Each Score

Your Score History

You have not taken this quiz